000 00601nam a2200241Ia 4500
003 OSt
005 20220924132859.0
006 a|||||r|||| 00| 0
007 ta
008 220923b |||||||| |||| 00| 0 ben d
020 _a8186792678
024 _a253068
037 _cTextual
040 _aARTS
_cARTS
_bben
041 _2ben
_aben
082 _aO157,1x, P4
100 _aSengupta S
_9205259
245 0 _aPachasher manwantar o bangla kabita
260 _c2004
650 _aBENGALI LITERATURE
942 _hO157,1x, P4
_cTEXL
_2CC
999 _c431928
_d431928